000 00869cam a22002415a 4500
001 L152647
008 130614s2012 xxk f 000 0 eng d
020 _a9781909176331
035 _a(Sirsi) u157856
041 0 _aeng
100 1 _aRodell, Anne
245 0 0 _aCommercial property
_h[electronic resource]
250 _an
260 _aLondon:
_bCollege of Law
_c2012
300 _aeBook
520 _aPart I looks at aspects of site acquisitions including raising fnance, contractural matters, planning, environment and taxation. Part 2 looks at Landlord and Tenant issues whilst Part 3 deals with involvency and property.
590 _aKA
650 2 4 _aEBOOK
651 4 _aENGLAND AND WALES
690 _aCommercial property
_96227
856 4 0 _uhttps://www.vlebooks.com/
_zView on VLEbooks. Logins for members only from [email protected]
942 _n0
999 _c115000
_d115000